[Event "21st ch-EUR Indiv w 2021"]
[Site "Iasi ROU"]
[Date "2021.08.13"]
[Round "5.45"]
[White "Hapala, Elisabeth"]
[Black "Kostina, Veronika"]
[Result "1/2-1/2"]
[WhiteTitle "WFM"]
[WhiteElo "2160"]
[BlackElo "1801"]
[WhiteFideId "1622080"]
[BlackFideId "34166235"]
[EventDate "2021.08.09"]

1. e4 c5 2. Nf3 Nc6 3. d4 cxd4 4. Nxd4 Qb6 5. Nb3 Nf6 6. Nc3 e6 7. Bd3 a6 8. Be3
Qc7 9. f4 d6 10. Qf3 Be7 11. g4 Nb4 12. g5 Nd7 13. O-O-O Nxd3+ 14. cxd3 b5 15.
Kb1 Bb7 16. Rc1 Qd8 17. h4 Rc8 18. h5 e5 19. g6 Bf6 20. Nd5 Rxc1+ 21. Bxc1 Bxd5
22. exd5 hxg6 23. hxg6 Rxh1 24. Qxh1 fxg6 25. Qe4 Kf7 26. fxe5 Nxe5 27. Nd4 Qe7
28. Ne6 Nd7 29. Qg4 Ne5 30. Qh3 Qb7 31. Nf4 Qe7 32. Qh7 g5 33. Qh5+ g6 34. Qh7+
Ke8 35. Qg8+ Qf8 36. Qe6+ Qe7 37. Qg8+ Qf8 38. Qe6+ Qe7 39. Qc8+ Qd8 40. Qe6+
Qe7 41. Qg8+ Qf8 42. Qe6+ 1/2-1/2

[Event "21st ch-EUR Indiv w 2021"]
[Site "Iasi ROU"]
[Date "2021.08.13"]
[Round "5.46"]
[White "Hercog, Nusa"]
[Black "Agrest, Inna"]
[Result "0-1"]
[WhiteTitle "WFM"]
[BlackTitle "WIM"]
[WhiteElo "2000"]
[BlackElo "2281"]
[WhiteFideId "14614324"]
[BlackFideId "1708830"]
[EventDate "2021.08.09"]

1. d4 Nf6 2. c4 g6 3. Nc3 Bg7 4. e4 d6 5. h3 O-O 6. Be3 Nbd7 7. g4 c5 8. Nge2 a6
9. Bg2 cxd4 10. Nxd4 Ne5 11. b3 Bd7 12. Qd2 Rc8 13. f4 Nc6 14. Rd1 Nxd4 15. Bxd4
b5 16. e5 Ne8 17. Bb7 Rb8 18. Bxa6 b4 19. Nd5 e6 20. Nxb4 dxe5 21. Ba7 exf4 22.
Bxb8 Qxb8 23. a3 Nf6 24. Qd6 Qa8 25. O-O g5 26. c5 Qe4 27. Rde1 Qa8 28. c6 Bc8
29. c7 Qa7+ 30. Kh2 Ne8 31. Qc6 Nxc7 32. Bxc8 Rxc8 33. Qd7 Qa8 34. Nc6 Nd5 35.
Rc1 Re8 36. Qa7 Qxa7 37. Nxa7 Re7 38. Rc8+ Bf8 39. Nc6 Rb7 40. b4 Kg7 41. Ra1
Ne3 42. Rd8 Rc7 43. b5 Bc5 44. a4 f3 45. Ra2 Nf1+ 46. Kh1 Ng3+ 47. Kh2 Nf1+ 48.
Kh1 Ng3+ 49. Kh2 f2 50. Rxf2 Bxf2 51. a5 Ne4 52. b6 Rxc6 53. b7 Bg3+ 54. Kg2 Bf4
55. Ra8 Rc2+ 56. Kf3 f5 57. gxf5 exf5 0-1

[Event "21st ch-EUR Indiv w 2021"]
[Site "Iasi ROU"]
[Date "2021.08.13"]
[Round "5.47"]
[White "Mikheeva, Galina"]
[Black "Narva, Triin"]
[Result "1/2-1/2"]
[WhiteTitle "WFM"]
[BlackTitle "WFM"]
[WhiteElo "1968"]
[BlackElo "2100"]
[WhiteFideId "44108320"]
[BlackFideId "4502680"]
[EventDate "2021.08.09"]

1. e4 c5 2. f4 Nc6 3. Nf3 d6 4. Nc3 g6 5. d3 Bg7 6. Be3 Bg4 7. Be2 e6 8. O-O
Nge7 9. Qd2 b6 10. h3 Bxf3 11. Bxf3 d5 12. exd5 exd5 13. Rae1 O-O 14. Bf2 Qd7
15. Bg4 f5 16. Bf3 d4 17. Nb5 Rae8 18. Na3 Nd5 19. Rxe8 Rxe8 20. Nc4 b5 21. Na5
Nd8 22. g3 Ne3 23. Re1 Qe7 24. Nc6 Nxc6 25. Bxc6 Rb8 26. Kh2 Qe6 27. Bf3 Re8 28.
Qa5 Qb6 29. Qxb6 axb6 30. Bc6 Rc8 31. Bxb5 Nxc2 32. Re6 Rb8 33. g4 Nb4 34. a3
Nc2 35. gxf5 gxf5 36. Kg3 Kf7 37. Bc4 Kf8 38. a4 Ne3 39. Bxe3 dxe3 40. Rxe3 Bxb2
41. Re6 Rb7 42. Kh4 Kg7 43. Kg5 Bc1 44. Re1 Bd2 45. Re2 Bc3 46. Kxf5 Ra7 47. Bb5
Rf7+ 48. Kg4 Kf6 49. Bc4 Re7 50. Rxe7 Kxe7 51. Kf5 Kf8 52. Ke6 Kg7 53. Bd5 h6
54. f5 Bf6 55. Kd7 Bc3 56. Kc6 Ba5 57. Be6 Kf6 58. Kb5 Ke5 59. Kc6 Kf6 60. Kd7
Bc3 61. Kc6 Ba5 1/2-1/2

[Event "21st ch-EUR Indiv w 2021"]
[Site "Iasi ROU"]
[Date "2021.08.13"]
[Round "5.48"]
[White "Sankova, Stella"]
[Black "Tamrazyan, Gohar"]
[Result "1-0"]
[WhiteTitle "WFM"]
[WhiteElo "2100"]
[BlackElo "1973"]
[WhiteFideId "14944200"]
[BlackFideId "1330799"]
[EventDate "2021.08.09"]

1. e4 c5 2. Nf3 Nc6 3. Bb5 g6 4. Bxc6 dxc6 5. d3 Bg7 6. h3 Nf6 7. Nc3 Nd7 8. Be3
e5 9. Qd2 h6 10. O-O b6 11. Nh2 Nf8 12. f4 exf4 13. Bxf4 Ne6 14. Bg3 Qg5 15. Qe1
Nd4 16. Nf3 Nxf3+ 17. Rxf3 Be6 18. e5 Qd8 19. Ne4 Qd4+ 20. Kh1 Qxb2 21. Nd6+ Ke7
22. c4 Rhf8 23. Rb1 Qxa2 24. Rf2 Qa3 25. Qe4 f5 26. exf6+ Rxf6 27. Rxf6 Bxf6 28.
Re1 1-0

[Event "21st ch-EUR Indiv w 2021"]
[Site "Iasi ROU"]
[Date "2021.08.13"]
[Round "5.49"]
[White "Babayeva, Nasrin"]
[Black "Trippold, Denise"]
[Result "1-0"]
[BlackTitle "WFM"]
[WhiteElo "1889"]
[BlackElo "2098"]
[WhiteFideId "13416626"]
[BlackFideId "1625594"]
[EventDate "2021.08.09"]

1. c4 e6 2. g3 d5 3. Bg2 Nf6 4. Nf3 Be7 5. b3 d4 6. Bb2 c5 7. e3 Nc6 8. exd4
cxd4 9. O-O O-O 10. Re1 Ne8 11. Ne5 Nxe5 12. Rxe5 f6 13. Re1 e5 14. a3 a5 15. d3
Nc7 16. Nd2 Rb8 17. Qc2 b6 18. Rab1 Bb7 19. Nf3 Kh8 20. Qd2 Na6 21. Bc1 Nc5 22.
b4 axb4 23. axb4 Na4 24. Qc2 Nc3 25. Rb2 Qd7 26. Bd2 Rfd8 27. Rb3 Na4 28. Ra3 b5
29. cxb5 Nb6 30. Ra7 Nc8 31. Ra5 Nd6 32. b6 Rdc8 33. Qb3 Bd8 34. Raa1 Bxb6 35.
Rec1 Nb5 36. Qa4 Rxc1+ 37. Rxc1 Qe8 38. Nh4 Ra8 39. Qb3 Bxg2 40. Kxg2 Qd7 41.
Nf5 Nc3 42. g4 g6 43. Nh6 Kg7 44. Ra1 Re8 45. Ra6 Qd5+ 46. Qxd5 Nxd5 47. Kf3 Rb8
48. h4 Nxb4 49. Bxb4 Kxh6 50. Rxb6 Ra8 51. Rb7 Rc8 52. g5+ fxg5 53. Bd2 e4+ 54.
dxe4 Rh8 55. Kg4 1-0

[Event "21st ch-EUR Indiv w 2021"]
[Site "Iasi ROU"]
[Date "2021.08.13"]
[Round "5.50"]
[White "Allahverdiyeva, Ayan"]
[Black "Pancu, Aureliana-Eugenia"]
[Result "0-1"]
[WhiteTitle "WFM"]
[WhiteElo "2095"]
[BlackElo "1862"]
[WhiteFideId "13412590"]
[BlackFideId "1226355"]
[EventDate "2021.08.09"]

1. e4 e6 2. d4 d5 3. Nc3 Nf6 4. e5 Nfd7 5. f4 c5 6. Nf3 Nc6 7. Be3 cxd4 8. Nxd4
Bc5 9. Qd2 Bxd4 10. Bxd4 Nxd4 11. Qxd4 Qb6 12. Nb5 Qxd4 13. Nxd4 a6 14. h4 Ke7
15. Rh3 Rd8 16. Rc3 Nf8 17. Rb3 f6 18. h5 fxe5 19. fxe5 Nd7 20. Re3 Rf8 21. g3
Nb8 22. Bd3 h6 23. c3 Nc6 24. Ne2 Bd7 25. Nf4 Be8 26. Rd1 Rd8 27. Bb1 Bf7 28.
Rd2 d4 29. Re4 dxc3 30. bxc3 Rxd2 31. Kxd2 Rd8+ 32. Ke2 Be8 33. a4 b5 34. axb5
axb5 35. Ba2 Bf7 36. g4 Ra8 37. Bb1 Ra4 38. Rxa4 bxa4 39. Nd3 g6 40. g5 gxh5 41.
gxh6 Bg6 42. Ba2 Bxd3+ 43. Kxd3 Nxe5+ 44. Ke4 Ng4 45. Kf4 Nxh6 46. Kg5 Nf5 47.
Kxh5 Kd6 48. Kg5 Ne3 49. Kf6 Nd5+ 50. Kf7 e5 0-1

[Event "21st ch-EUR Indiv w 2021"]
[Site "Iasi ROU"]
[Date "2021.08.13"]
[Round "5.51"]
[White "Trifoi, Mihaela-Ioana"]
[Black "Mkrtchyan, Mariam"]
[Result "0-1"]
[BlackTitle "WFM"]
[WhiteElo "1807"]
[BlackElo "2093"]
[WhiteFideId "1246364"]
[BlackFideId "13310828"]
[EventDate "2021.08.09"]

1. e4 c6 2. d4 d5 3. exd5 cxd5 4. Bd3 Nc6 5. c3 Qc7 6. h3 Nf6 7. Nf3 g6 8. O-O
Bf5 9. Re1 Bxd3 10. Qxd3 e6 11. Ne5 Nxe5 12. Rxe5 Bd6 13. Re1 h6 14. Nd2 O-O 15.
Nf3 Kg7 16. Ne5 Ne4 17. f3 Ng3 18. Qd2 g5 19. Qf2 Nf5 20. f4 f6 21. Nd3 Rae8 22.
Bd2 Nh4 23. Qe2 Ng6 24. fxg5 hxg5 25. Qg4 Qc4 26. Nf2 Qc6 27. Nd3 Rh8 28. Rf1
Rh4 29. Qf3 Rf8 30. Be1 Rh6 31. Bg3 Nh4 32. Qg4 Bxg3 33. Qxg3 Nf5 34. Qf3 b6 35.
Rae1 Qd7 36. Rf2 Nd6 37. Rfe2 Ne4 38. Nf2 f5 39. Qe3 Qe7 40. Qd3 Rfh8 41. c4 g4
42. cxd5 exd5 43. Qb5 Qd6 44. Nxe4 fxe4 45. Rf1 gxh3 46. Ref2 Rg6 47. Rf7+ Kh6
48. Qe2 Rxg2+ 49. Qxg2 hxg2 50. R1f6+ Qxf6 51. Rxf6+ Kg5 52. Rd6 Rh1+ 53. Kxg2
Rb1 54. Rxd5+ Kf4 55. b3 Rb2+ 56. Kf1 Rxa2 57. Rd7 b5 58. Rb7 a6 59. Rb6 Rd2 60.
Rxa6 Rxd4 61. Ke2 Rd3 62. b4 Rb3 63. Ra8 Rb2+ 64. Ke1 Rxb4 65. Ra3 Rb2 66. Rh3
b4 67. Kd1 e3 68. Ke1 Ke4 69. Rh8 e2 70. Re8+ Kd3 71. Rd8+ Kc3 72. Rc8+ Kb3 73.
Re8 Rc2 74. Re3+ Ka2 75. Re8 b3 76. Ra8+ Kb1 77. Kf2 b2 78. Rh8 e1=Q+ 0-1

[Event "21st ch-EUR Indiv w 2021"]
[Site "Iasi ROU"]
[Date "2021.08.13"]
[Round "5.52"]
[White "Zelbova, Lada"]
[Black "Batagan, Ilinca-Petra"]
[Result "1-0"]
[WhiteElo "2070"]
[BlackElo "1846"]
[WhiteFideId "23717882"]
[BlackFideId "1261002"]
[EventDate "2021.08.09"]

1. e4 c5 2. Nf3 d6 3. d4 cxd4 4. Nxd4 Nf6 5. Nc3 a6 6. Bc4 e6 7. Bb3 b5 8. O-O
Be7 9. a3 O-O 10. f4 Bb7 11. Qf3 Nbd7 12. f5 e5 13. Nde2 Nc5 14. Ng3 b4 15. Nd5
Bxd5 16. Bxd5 Nxd5 17. exd5 Nd7 18. Kh1 Qc7 19. Nh5 Nf6 20. Bg5 Nxh5 21. Bxe7
Qxe7 22. Qxh5 f6 23. axb4 Qb7 24. c3 Qxd5 25. Rad1 Qc6 26. Rf3 Rf7 27. Rh3 h6
28. Qf3 Qxf3 29. Rxf3 Rd7 30. Rfd3 Rad8 31. Rd5 Kf7 32. Kg1 Ke7 33. Kf2 Rb7 34.
Ra5 Rb6 35. Kf3 Kd7 36. Rda1 Ra8 37. Ke4 Kc6 38. R1a4 Ra7 39. c4 Ra8 40. h3 Ra7
41. b5+ Kb7 42. Kd5 Ra8 43. Ra3 h5 44. Ke6 d5+ 45. Kxd5 Rd8+ 46. Kc5 Rc8+ 47.
Kb4 axb5 48. cxb5 Rc2 49. Ra7+ Kb8 50. Ra8+ Kc7 51. Rc3+ Kb7 52. Rxc2 Kxa8 53.
Rc7 Rd6 54. Rxg7 Rd2 55. Kc5 Kb8 56. b4 Rd8 57. Kc6 Kc8 58. b6 Kb8 59. b7 Rf8
60. Rg3 Rf7 61. Rg8+ 1-0

[Event "21st ch-EUR Indiv w 2021"]
[Site "Iasi ROU"]
[Date "2021.08.13"]
[Round "5.53"]
[White "Levitan, Ronit"]
[Black "Pirvan, Maria"]
[Result "1-0"]
[WhiteTitle "WCM"]
[WhiteElo "2012"]
[BlackElo "1628"]
[WhiteFideId "2815109"]
[BlackFideId "1262629"]
[EventDate "2021.08.09"]

1. e4 c5 2. c3 d5 3. exd5 Qxd5 4. d4 g6 5. Nf3 Bg7 6. Na3 cxd4 7. Bc4 Qe4+ 8.
Be3 Nh6 9. cxd4 O-O 10. O-O Nf5 11. Qb3 Nxe3 12. fxe3 e6 13. Ng5 Qg4 14. Nxf7
Rxf7 15. Rxf7 Kxf7 16. Rf1+ Kg8 17. Rf4 Qxf4 18. exf4 Bxd4+ 19. Kh1 Nc6 20. Nb5
Bb6 21. Nd6 Nd4 22. Qa4 1-0

[Event "21st ch-EUR Indiv w 2021"]
[Site "Iasi ROU"]
[Date "2021.08.13"]
[Round "5.54"]
[White "Matasaru, Stephanie"]
[Black "Obada, Ema"]
[Result "0-1"]
[BlackTitle "WCM"]
[WhiteElo "1741"]
[BlackElo "1981"]
[WhiteFideId "1242040"]
[BlackFideId "1234803"]
[EventDate "2021.08.09"]

1. e4 e6 2. d4 d5 3. Nc3 Bb4 4. e5 c5 5. a3 Bxc3+ 6. bxc3 Qc7 7. Qg4 f5 8. Qg3
Nc6 9. Nf3 cxd4 10. cxd4 Nge7 11. Be2 O-O 12. O-O Bd7 13. c3 Be8 14. a4 Qd7 15.
h4 Bh5 16. Bd1 Na5 17. Ba3 Nc4 18. Qg5 Nxa3 19. Qxh5 Nc4 20. Qg5 Qe8 21. h5 h6
22. Qh4 Qf7 23. Bc2 Rac8 24. Rfb1 Na5 25. Ra3 Rc7 26. Bd3 Rfc8 27. Rc1 Nec6 28.
Nd2 Qe7 29. Qxe7 Nxe7 30. f4 Nec6 31. Nf3 Nb8 32. Bb5 a6 33. Be2 Nd7 34. Kf2 Rc6
35. Nd2 Rb6 36. Rb1 Rxb1 37. Nxb1 Kf7 38. Nd2 Ke7 39. Ke3 Nb6 40. Kd3 Kd7 41.
Nb3 Nbc4 42. Nxa5 Nxa3 43. Nxb7 Nc4 44. Nc5+ Ke7 45. Nxa6 Ra8 46. Nc5 Nb2+ 47.
Kc2 Nxa4 48. Nxa4 Rxa4 49. Kb3 Ra1 50. c4 dxc4+ 51. Kxc4 Kd7 52. Bf3 Kc7 53. d5
Ra4+ 54. Kc5 exd5 55. Kxd5 Kd7 56. g3 Ra3 57. Be2 Rxg3 58. Kd4 Rh3 59. Bb5+ Kd8
60. Be2 Kc7 61. Bd1 Rh4 62. Ke3 Kc6 63. Bf3+ Kc5 64. Be2 Rh1 65. Bf3 Rg1 66. Be2
Rg3+ 67. Kf2 Ra3 68. Bd1 Kd4 69. Bf3 Ra2+ 70. Kg3 Ra6 71. Bb7 Rb6 72. Bc8 Ke4
73. e6 Rb3+ 74. Kf2 Kxf4 75. e7 Re3 76. Bxf5 Rxe7 77. Bg6 Re5 0-1

[Event "21st ch-EUR Indiv w 2021"]
[Site "Iasi ROU"]
[Date "2021.08.13"]
[Round "5.55"]
[White "Andries, Alexia"]
[Black "Verbin, Valentina"]
[Result "0-1"]
[WhiteElo "1420"]
[BlackElo "2012"]
[WhiteFideId "1267272"]
[BlackFideId "13905910"]
[EventDate "2021.08.09"]

1. d4 Nf6 2. c4 e6 3. Nc3 Bb4 4. f3 c5 5. d5 b5 6. e4 d6 7. Bd3 bxc4 8. Bxc4 O-O
9. Ne2 exd5 10. exd5 Nbd7 11. O-O Ne5 12. Bd3 Nxd3 13. Qxd3 Qb6 14. Qc2 Ba6 15.
Rd1 Rfe8 16. Kh1 Qb7 17. Ne4 Nxe4 18. fxe4 f5 19. Ng3 fxe4 20. Be3 Bd3 21. Qb3
a5 22. a3 a4 23. Qa2 Ba5 24. Nf5 Qd7 25. Ng3 Rab8 26. Bd2 Bxd2 27. Rxd2 c4 28.
Re1 e3 29. Rdd1 Qb5 30. Ne2 Qxb2 31. Qxb2 Rxb2 32. Nc3 e2 33. Rc1 Rf8 34. Kg1
Rf1+ 35. Rxf1 exf1=Q+ 36. Rxf1 Bxf1 37. Kxf1 Rb3 38. Nxa4 Rxa3 39. Nb2 c3 40.
Nd3 c2 41. Nc1 Ra1 42. Ke2 Rxc1 43. Kd2 Rd1+ 44. Kxc2 Rxd5 45. Kc3 Rf5 46. Kd4
Rf2 47. Kd5 Rxg2 0-1

[Event "21st ch-EUR Indiv w 2021"]
[Site "Iasi ROU"]
[Date "2021.08.13"]
[Round "5.56"]
[White "Mirza, Diana"]
[Black "Bashylina, Luisa"]
[Result "1-0"]
[WhiteTitle "WFM"]
[BlackTitle "WCM"]
[WhiteElo "1933"]
[BlackElo "1992"]
[WhiteFideId "2503999"]
[BlackFideId "12983292"]
[EventDate "2021.08.09"]

1. e4 c5 2. Nf3 a6 3. c4 Nc6 4. d4 cxd4 5. Nxd4 e5 6. Nf5 d6 7. Nc3 g6 8. Ne3
Bh6 9. Be2 Nge7 10. Ned5 Nxd5 11. Bxh6 Nxc3 12. bxc3 Be6 13. h4 Qc7 14. Qa4 Ke7
15. O-O Na5 16. f4 Bxc4 17. Bxc4 Nxc4 18. fxe5 Nxe5 19. Bg5+ Kf8 20. Bf6 Rg8 21.
Qb4 Nd3 22. Qb3 Re8 23. Rf3 Nc5 24. Qd5 Nxe4 25. Bd4 Re7 26. Re3 Nc5 27. Rae1
Ne6 28. Bf6 Re8 29. Qg5 Qc5 30. Qh6+ Ng7 31. Bd4 Rxe3 32. Bxc5 Rxe1+ 33. Kf2 Re6
34. Bd4 g5 35. Qxg5 Ne8 36. Qd5 Reg6 37. Qxb7 Rxg2+ 38. Ke3 R2g3+ 39. Ke4 R3g4+
40. Kd5 Rxh4 41. Kc6 h5 42. Kd7 Rh2 43. Qe4 1-0

[Event "21st ch-EUR Indiv w 2021"]
[Site "Iasi ROU"]
[Date "2021.08.13"]
[Round "5.57"]
[White "Von Herman, Brigitte"]
[Black "Maria, Lia-Alexandra"]
[Result "0-1"]
[WhiteTitle "WFM"]
[BlackTitle "WCM"]
[WhiteElo "1991"]
[BlackElo "1837"]
[WhiteFideId "4628730"]
[BlackFideId "1248952"]
[EventDate "2021.08.09"]

1. e4 c5 2. Nf3 d6 3. Bc4 Nf6 4. d3 g6 5. c3 Bg7 6. O-O a6 7. Bb3 O-O 8. Re1 b5
9. h3 Bb7 10. Nbd2 Nbd7 11. d4 c4 12. Bc2 Qc7 13. Nf1 e6 14. Bf4 e5 15. Bd2 d5
16. dxe5 Nxe5 17. Nxe5 Qxe5 18. f4 Qc7 19. e5 Nd7 20. Be3 Rfe8 21. Bd4 Nc5 22.
Qf3 Nd7 23. h4 f5 24. Nd2 Nc5 25. Bxc5 Qxc5+ 26. Qf2 Qe7 27. Nf3 b4 28. a3 bxc3
29. bxc3 Rab8 30. Nd4 Ba8 31. Bd1 Qc7 32. Bf3 Rb6 33. g3 Bf8 34. Qg2 Qc5 35.
Red1 Rb3 36. Rdc1 Rxc3 0-1

[Event "21st ch-EUR Indiv w 2021"]
[Site "Iasi ROU"]
[Date "2021.08.13"]
[Round "5.58"]
[White "Donghvani, Nia"]
[Black "Babineca, Darja"]
[Result "1-0"]
[WhiteElo "1902"]
[BlackElo "1756"]
[WhiteFideId "13614649"]
[BlackFideId "1337440"]
[EventDate "2021.08.09"]

1. c4 e5 2. Nc3 Nf6 3. g3 Nc6 4. Bg2 Bc5 5. e3 d6 6. Nge2 Bg4 7. h3 Bf5 8. d4
exd4 9. exd4 Bb6 10. O-O O-O 11. a3 a5 12. Be3 Qe7 13. Kh2 Nd8 14. Nf4 c6 15.
Re1 Qd7 16. d5 Bxe3 17. Rxe3 b6 18. Qe2 Re8 19. Rxe8+ Nxe8 20. Re1 Kf8 21. g4
Bg6 22. h4 h6 23. dxc6 Nxc6 24. Nxg6+ 1-0

[Event "21st ch-EUR Indiv w 2021"]
[Site "Iasi ROU"]
[Date "2021.08.14"]
[Round "6.1"]
[White "Osmak, Iulija"]
[Black "Mammadzada, Gunay"]
[Result "1/2-1/2"]
[WhiteTitle "IM"]
[BlackTitle "IM"]
[WhiteElo "2418"]
[BlackElo "2460"]
[WhiteFideId "14101602"]
[BlackFideId "13403729"]
[EventDate "2021.08.09"]

1. d4 Nf6 2. c4 e6 3. Nf3 Bb4+ 4. Nbd2 d5 5. Qa4+ Nc6 6. e3 O-O 7. Bd3 Bd7 8.
Qc2 dxc4 9. Qxc4 Bd6 10. O-O Qe7 11. a3 e5 12. d5 Nd8 13. b4 b5 14. Qh4 Re8 15.
Bb2 a5 16. e4 h6 17. Nb3 Nb7 18. Rfc1 Ra7 19. h3 Rea8 20. g4 axb4 21. axb4 Rxa1
22. Rxa1 Rxa1+ 23. Bxa1 Bxb4 24. Nxe5 Be8 25. Nc6 Bxc6 26. dxc6 Nc5 27. Nxc5
Bxc5 28. Bxf6 gxf6 29. Bxb5 Bd4 30. Qh5 Qxe4 31. Qf5 Qxf5 32. gxf5 Kf8 33. Kg2
Ke7 34. Bd3 Kd6 35. Be4 Ke5 36. f3 Kf4 37. Bd5 Kxf5 38. Bxf7 1/2-1/2

[Event "21st ch-EUR Indiv w 2021"]
[Site "Iasi ROU"]
[Date "2021.08.14"]
[Round "6.2"]
[White "Buksa, Nataliya"]
[Black "Maltsevskaya, Aleksandra"]
[Result "1/2-1/2"]
[WhiteTitle "IM"]
[BlackTitle "WGM"]
[WhiteElo "2413"]
[BlackElo "2409"]
[WhiteFideId "14123622"]
[BlackFideId "24174041"]
[EventDate "2021.08.09"]

1. e4 c5 2. Nf3 Nc6 3. Bb5 g6 4. O-O Bg7 5. c3 Nf6 6. Re1 O-O 7. d4 d5 8. e5 Ne4
9. Nbd2 Nxd2 10. Bxd2 cxd4 11. cxd4 Qb6 12. Bxc6 bxc6 13. Bc3 Bg4 14. h3 Bxf3
15. Qxf3 f6 16. exf6 Bxf6 17. Qg4 c5 18. Re6 Qc7 19. dxc5 Bxc3 20. bxc3 Qxc5 21.
Qg3 Rac8 22. Rxg6+ hxg6 23. Qxg6+ Kh8 24. Qh6+ Kg8 25. Qg6+ Kh8 26. Qh6+ Kg8 27.
Qg6+ Kh8 1/2-1/2

[Event "21st ch-EUR Indiv w 2021"]
[Site "Iasi ROU"]
[Date "2021.08.14"]
[Round "6.3"]
[White "Danielian, Elina"]
[Black "Batsiashvili, Nino"]
[Result "1-0"]
[WhiteTitle "GM"]
[BlackTitle "GM"]
[WhiteElo "2407"]
[BlackElo "2487"]
[WhiteFideId "13300210"]
[BlackFideId "13602993"]
[EventDate "2021.08.09"]

1. Nf3 d5 2. g3 g6 3. Bg2 Bg7 4. c4 d4 5. d3 Nc6 6. O-O e5 7. Na3 Nge7 8. Nc2 a5
9. a3 O-O 10. Bg5 h6 11. Bxe7 Qxe7 12. Rb1 a4 13. b4 axb3 14. Rxb3 Nd8 15. Qd2
Ne6 16. Rb5 Nc5 17. Rfb1 Bd7 18. Ra5 Ba4 19. Rxa8 Rxa8 20. Nb4 c6 21. e3 Nb3 22.
Qe2 dxe3 23. Qxe3 Qc5 24. Qe4 f5 25. Qe2 Kh7 26. h4 Re8 27. h5 g5 28. g4 e4 29.
gxf5 Qxf5 30. dxe4 g4 31. Nh2 Qxh5 32. Nd3 Qf7 33. Qxg4 Nd2 34. Rc1 Rd8 35. Nc5
Nb3 36. Nxb3 Bxb3 37. e5 Kh8 38. Qg3 Bxc4 39. Qh4 Rd2 40. Nf3 Rd3 41. Rxc4 Rxf3
42. Bxf3 Qxf3 43. e6 Qd1+ 44. Kg2 Qd5+ 45. Re4 Kh7 46. e7 Bf6 47. Qxf6 Qxe4+ 48.
Kg3 Qd3+ 49. f3 1-0

[Event "21st ch-EUR Indiv w 2021"]
[Site "Iasi ROU"]
[Date "2021.08.14"]
[Round "6.4"]
[White "Socko, Monika"]
[Black "Arabidze, Meri"]
[Result "0-1"]
[WhiteTitle "GM"]
[BlackTitle "IM"]
[WhiteElo "2393"]
[BlackElo "2438"]
[WhiteFideId "1106619"]
[BlackFideId "13604040"]
[EventDate "2021.08.09"]

1. e4 e5 2. Nf3 Nc6 3. Bc4 Bc5 4. c3 Nf6 5. d4 exd4 6. e5 d5 7. Be2 Ne4 8. cxd4
Bb6 9. O-O O-O 10. Nc3 Bf5 11. Be3 f6 12. exf6 Nxf6 13. Rc1 Qd6 14. h3 Kh8 15.
Na4 Rae8 16. Nxb6 axb6 17. Bb5 Ne4 18. Ne5 Nxe5 19. dxe5 Rxe5 20. Bf4 Bc8 21.
Bxe5 Qxe5 22. Qe2 Qd6 23. Bd3 Nc5 24. Rfe1 c6 25. Bb1 Qf6 26. Rc3 Ne6 27. Rg3
Nd4 28. Qd2 c5 29. Kh1 Be6 30. f3 Qf4 31. Qxf4 Rxf4 32. Rg5 Kg8 33. Rge5 Rf6 34.
Kh2 Kf7 35. Kg3 g6 36. h4 Nc6 37. R5e2 Nd4 38. Rd2 h6 39. Rh1 Ke7 40. f4 h5 41.
Re1 Kd6 42. Re5 b5 43. Re1 b4 44. Red1 Bf5 45. Bxf5 Nxf5+ 46. Kf2 d4 47. g3 Re6
48. Re1 Ne3 49. Kf3 Kd5 50. b3 b5 51. Rb2 c4 52. bxc4+ bxc4 53. Rxb4 c3 54. Rb5+
Kc4 55. Re5 Rd6 56. Re8 c2 57. Ke2 Kc3 58. Rb8 d3+ 59. Kf3 Nd1 60. Rb3+ Kd2 61.
Rh1 Re6 62. Rh2+ Re2 0-1

[Event "21st ch-EUR Indiv w 2021"]
[Site "Iasi ROU"]
[Date "2021.08.14"]
[Round "6.5"]
[White "Bulmaga, Irina"]
[Black "Kiolbasa, Oliwia"]
[Result "0-1"]
[WhiteTitle "IM"]
[BlackTitle "WIM"]
[WhiteElo "2413"]
[BlackElo "2288"]
[WhiteFideId "13903063"]
[BlackFideId "1154613"]
[EventDate "2021.08.09"]

1. e4 e5 2. Nf3 Nc6 3. Bb5 a6 4. Ba4 Nf6 5. O-O Be7 6. Re1 b5 7. Bb3 d6 8. c3
O-O 9. h3 Bb7 10. d4 Re8 11. Nbd2 h6 12. Nf1 Bf8 13. Ng3 Qd7 14. a4 Na5 15. Bc2
c5 16. d5 c4 17. Be3 Qc7 18. Nh2 Bc8 19. Qf3 Kh7 20. Ra3 bxa4 21. Bxa4 Rd8 22.
Ng4 Ng8 23. Bc2 Rb8 24. Ra2 Nb3 25. Qe2 a5 26. f4 Bd7 27. Rf1 Be8 28. Kh1 Rb7
29. Rf3 Rc8 30. fxe5 dxe5 31. Nxe5 Qxe5 32. Bf4 Qe7 33. e5+ g6 34. Ne4 Qd7 35.
Bxb3 Rxb3 36. Rxa5 Rb5 37. e6 Qxd5 38. exf7 Bxf7 39. Rxb5 Qxb5 40. Bd6 Qd5 41.
Qf2 Bxd6 42. Rxf7+ Kh8 43. Nxd6 Qxd6 44. Rf4 Ra8 45. h4 Nf6 46. Qd4 Qxd4 47.
Rxd4 h5 48. Kh2 Ng4+ 49. Kg3 Ne5 50. Kf4 Ra5 51. Ke4 Kg7 52. b3 cxb3 53. Rb4 Nc4
54. Kd4 Nd2 55. c4 Ra2 56. Kc3 b2 0-1

[Event "21st ch-EUR Indiv w 2021"]
[Site "Iasi ROU"]
[Date "2021.08.14"]
[Round "6.6"]
[White "Javakhishvili, Lela"]
[Black "Gevorgyan, Maria"]
[Result "1-0"]
[WhiteTitle "IM"]
[BlackTitle "WGM"]
[WhiteElo "2470"]
[BlackElo "2232"]
[WhiteFideId "13601458"]
[BlackFideId "13300270"]
[EventDate "2021.08.09"]

1. d4 Nf6 2. c4 c5 3. d5 e6 4. Nc3 exd5 5. cxd5 d6 6. Nf3 g6 7. Nd2 Bg7 8. e4
O-O 9. Be2 Ne8 10. O-O f5 11. exf5 Bxf5 12. g4 Bd7 13. Nde4 h6 14. Be3 Qe7 15.
Ng3 Na6 16. h3 Nac7 17. Qc2 Qf7 18. Bd3 Kh7 19. Nh5 Bxc3 20. Nf4 Rg8 21. bxc3
Nf6 22. c4 Rae8 23. Rfe1 Bc8 24. Bd2 Nd7 25. Rxe8 Nxe8 26. Qc3 Ne5 27. Bc2 Qf6
28. Re1 Nc7 29. Kg2 b5 30. Nh5 Qf7 31. f4 Nd7 32. Ng3 bxc4 33. f5 Nxd5 34. fxg6+
Rxg6 35. Bxg6+ Qxg6 36. Qxc4 Bb7 37. Kh2 Ne5 38. Qb3 Nb6 39. Rf1 Bd5 40. Qc3
Nbc4 41. Bf4 Ba8 42. Nh5 Qf7 43. Kg3 Qb7 44. Qc2+ Ng6 45. Nf6+ Kg7 46. Ne8+ Kh7
47. Nxd6 Nxd6 48. Bxd6 Qd5 49. Rf6 Qg5 50. Qf2 Qd5 51. Kh2 Qh1+ 52. Kg3 Qd5 53.
h4 Qd3+ 54. Kh2 Qd5 55. Kh3 Qh1+ 56. Bh2 Be4 57. Qf1 c4 58. Qxh1 Bxh1 59. Rf7+
Kg8 60. Rxa7 Nf8 61. Bf4 h5 62. Be5 hxg4+ 63. Kh2 Bf3 64. Rg7+ Kh8 65. Rxg4+ Kh7
66. Rxc4 Ng6 67. Bd6 Bd5 68. Ra4 Bc6 69. Rb4 1-0